Normal view
MARC view
- Husain, Syed Wajahat,
Entry Personal Name
001 - CONTROL NUMBER
- control field: 27387
003 - CONTROL NUMBER IDENTIFIER
- control field: NUST
005 - DATE AND TIME OF LATEST TRANSACTION
- control field: 20200108102416.0
008 - FIXED-LENGTH DATA ELEMENTS
- fixed length control field: 200108|| aca||aabn | a|a d
040 ## - CATALOGING SOURCE
- Original cataloging agency: NUST
- Transcribing agency: NUST
100 ## - HEADING--PERSONAL NAME
- Personal name: Husain, Syed Wajahat,
- Dates associated with a name: 1926-
670 ## - SOURCE DATA FOUND
- Source citation: Work cat.: (NUST): Husain, Syed Wajahat, 1926-, Memories of a soldier :, 2010.
